000 01515nam a2200301Ia 4500
001 15327
003 IT-RoPAU
008 130308s9999 xx 000 0 und d
040 _aIT-RoPAU
040 _cIT-RoPAU
041 _aITALIANO
100 _aGhilardi Fernando
100 _gCodice Aut. SPICS: 6130
245 _aStoria del teatro (2 volumi)
245 _bStoria del Teatro (2 Volumi)
250 _a1a ed.
260 _aMILANO
260 _bVallardi Francesco
260 _c1961 [1° Ed.:1961 - Ed.Ling.Originale:1961]
300 _a"932 p. (prefazione: 46; testo: 886)"
500 _aUomini e dei dell'antica Grecia Tecnica e Vita Teatrale Eschilo Sofocle Euripide Aristofane Menandro Genio comico dei romani Andronico Nevio Plauto Terenzio Teatro Cristiano commedia dell'arte Poesia e Tragedia in Shakespeare Italia Patria del melodramma Festività della scena spagnola Miti ed Eroi del Popolo Tedesco Problemi Morali e di Stile in Italia Nuovo Teatro del nord Poeti e tecnici nel dramma Russo Problema dell'uomo nel dramma Franceseinghilterra Fra Shaw ed Eliot Teatro del Novecento proposte del Teatro Italiano Lirismo Dannunziano Illusione di Pirandello Simbolismo ed Espressionismo Tedesco Anima spagnola di Garcia Lorca Poesia e Dollari a Broadway Lirismo dell'India Stilizzazione del dramma Cinese Teatro No e Kabuki in Giappone Bibliografia
650 _aSTORIA DEL TEATRO
650 _eCodice materia Spics: 8408
942 _cBK
957 _71
999 _c76480
_d76480
999 _bSI
999 _g1